Представление документа в формате MARC21

Поле Инд. ПП Название Значение
Тип записи a
Библиографический уровень a
001 Контрольный номер 2c35993f53a14fcda5e8f0bdd4ac7b11
005 Дата корректировки 20170301125358.7
020 a ISBN 5-02-010266-0
040 a Служба первич. каталог. НБ ТвГУ
b Код языка каталог. rus
e Правила каталог. PSBO
041 0_ a Код языка текста rus
097 b Оператор novikova
100 1_ a Автор Комаров Алексей Алексеевич
q Полное имя Комаров А. А.
245 10 a Заглавие СССР и Аландский вопрос
260 a Место издания Москва
b Издательство Наука
504 a Библиография Библиогр.: с. 143 (28 назв.)
520 0_ a Аннотация В российской внешней политике на Балтике Аландский вопрос имел большое значение. В связи с отделением Финляндии от России Аландский архипелаг перешел под финский суверенитет.
653 0_ a Ключевые слова СССР, страна
a Ключевые слова Аландский вопрос
a Ключевые слова Аландские острова
a Ключевые слова Аландский архипелаг
a Ключевые слова Финляндия, страна
773 18 w Контрольный № источника RU/IS/BASE/318428191
t Название источника Северная Европа
d Место и дата издания Москва : Наука, 2005
g Прочая информация Вып. 5. - С. 131-143
901 t Тип документа a
920 a Оператор Нови